|
|
|
|
| LEADER |
009130000a22002170004500 |
| 082 |
|
|
|a 595.757 012 M5
|
| 100 |
|
|
|a Lakshminarayana, K V; Author
|
| 100 |
|
|
|a Zoological Survey of India; Editor
|
| 245 |
|
|
|a Glossary of taxonomic characters for the study of Chewing-lice (Phthiraptera: Insecta)
|
| 260 |
|
|
|a Calcutta, Zoological Survey of India
|
| 260 |
|
|
|c 1985
|
| 460 |
|
|
|a 59p
|
| 465 |
|
|
|a Rs.30.00
|
| 490 |
|
|
|a Records of the Zoological Survey of India; Miscellaneous Publication; Occasional Paper
|c 82
|
| 500 |
|
|
|a Includes bibliographical references
|
| 500 |
|
|
|a K V Lakshminarayana; ed by Zoological Survey of India
|
| 650 |
|
|
|a Chewing-lice-Classification-Glossary
|
| 650 |
|
|
|a Mallophaga-Classification-Glossary
|
| 942 |
|
|
|c BK
|
| 999 |
|
|
|c 38516
|d 38516
|
| 952 |
|
|
|0 0
|1 0
|4 0
|6 595_757000000000000_012_M5
|7 0
|8 REF
|9 39043
|a MGUL
|b MGUL
|d 2013-07-16
|e Rs.30.00
|l 0
|o 595.757 012 M5
|p G01489
|r 2013-07-16
|w 2013-07-16
|y REF
|